| 000 | 00798nam a22002537a 4500 | ||
|---|---|---|---|
| 001 | BR7316378 | ||
| 003 | BR-BrBNA | ||
| 005 | 20230928084328.0 | ||
| 007 | ta | ||
| 008 | 230509b bl.||||| |||| 00| 0 por d | ||
| 040 |
_aBR-BrBNA _bpor _cBiblioteca Nacional de Agricultura |
||
| 041 | _a(Por) | ||
| 072 |
_aN10 _b/G514 |
||
| 090 | _ N10 BR7316378 | ||
| 100 | 1 | _aChaves, J.L. | |
| 110 | 1 |
_aCompanhia Distribuidora de Eletricidade do Brejo Paraibano, Joao Pessoa, PB (Brasil) _92421 |
|
| 245 | 1 | _aProjeto piloto cooperativas e eletrificacao rural; estudos preliminares | |
| 260 | 3 |
_aJoao Pessoa, PB (Brasil): _c1959. |
|
| 300 | _a51 p. | ||
| 500 | _aMap, scale 1:500,000; Map, scale 1:6000; 27 ref. | ||
| 650 | _aELETRIFICACAO RURAL | ||
| 909 |
_a202309 _bLucia _c55 _dLucia Elande |
||
| 942 | _cBK | ||
| 999 |
_c18204 _d18204 |
||